Przetłumacz nazwy stolic z angielskiego na polski - Statystyki

Ogólne statystyki
  • Ten quiz został rozwiązany 210 razy
  • Średni wynik to 12 z 15
Statystyki odpowiedzi
Angielski Polski % Poprawnych
London Londyn
100%
Paris Paryż
100%
Warsaw Warszawa
100%
Tokyo Tokio
98%
Bucharest Bukareszt
97%
Washington, D.C. Waszyngton
97%
Kyiv Kijów
96%
Rome Rzym
95%
Jerusalem Jerozolima
83%
Vienna Wiedeń
79%
Cairo Kair
73%
Jakarta Dżakarta
68%
Beijing Pekin
53%
Riyadh Rijad
52%
Yerevan Erywań
40%
Nie znaleziono quizów pasujących do podanych kryteriów
Rozkład punktacji
Procent ludzi z każdym wynikiem
Percentyl według liczby udzielonych odpowiedzi
Twoja historia wyników
Nie rozwiązałeś tego quizu